000 01404nam a22003737a 4500
003 CHAP
005 20251203094732.0
008 100917s2009 a r 00010 spa d
010 _a99288
011 _a100260
035 _a110946
040 _cCHAP
082 0 4 _a630.097248
_bUa1
110 2 _aUACH.
_bDepartamento de Preparatoria Agrícola. Área de Agronomía
_9115813
245 1 0 _aReporte del viaje de estudio a Tehuacan, Puebla y Totutla, Veracruz 12-21 de agosto de 2009 grupo 11 de 1er año
_c/por Maria del Rocio Romero Lima
260 _aChapingo Méx. :
_bUACH. Departamento de Preparatoria Agricola,
_c[2009]
300 _a77 h. :
_bilus., cuadros
590 _aBATCH-UPD
_b10
_c20130110
_lUCH01
_h1039
590 _aBATCH-UPD
_b10
_c20130410
_lUCH01
_h0639
590 _aBATCH-UPD
_b10
_c20130913
_lUCH01
_h2135
590 _aCONVERSION
_b10
_c20130109
_lUCH01
_h1355
650 1 4 _aAgricultura
_xPuebla.
_91775
650 1 4 _aAgricultura
_zVeracruz.
_91941
650 1 4 _aBosques
_zMéxico (Edo.).
_914419
650 1 4 _aErosión hídrica.
650 1 4 _aFlora desértica.
_941326
650 1 4 _aViajes de estudio.
_9119036
650 1 4 _aZona de montaña
_zMéxico (Edo.).
_9124142
700 1 _aRomero Lima, María del Rocío Leticia
_999608
901 _aBK
911 _aen proceso
942 _cLIBRO
949 _a630.097248 Ua1
_bBC
_cUACH
_d33724002168678
_eUACH
_gDonaciØn
_h51088
_i110946
_sb
999 _c99288
_d99288